Simulácia skenovania a rekonštrukcie 3D objektov vo virtuálnom prostredí

Salvato in:
Dettagli Bibliografici
Autore principale: Slíž, Boris (Autore)
Altri autori: Madaras, Martin (Relatore della tesi)
Natura: Manoscritto Libro
Lingua:slovacco
Pubblicazione: 2020
Soggetti:
Accesso online:http://is.stuba.sk/zp/portal_zp.pl?podrobnosti=151485
Tags: Aggiungi Tag
Nessun Tag, puoi essere il primo ad aggiungerne!!

MARC

LEADER 00000ntm a22000003a 4500
001 stuzp80753
003 SK-STU
005 20200613213209.0
007 ta
008 150427s2015----xo-----f-mn---000-0-slo-d
040 |a STU  |b slo 
041 0 |a slo 
100 1 |a Slíž, Boris  |u 070400  |k Z4  |4 aut  |U FIIT Fakulta informatiky a informačných technológií  |T FIIT Ústav počítačového inžinierstva a aplikovanej informatiky  |X 74237  |U I400  |Y 672  |7 74237 
242 0 1 |a Simulation of scanning and reconstruction of 3D objects in virtual environment  |y eng 
245 1 0 |a Simulácia skenovania a rekonštrukcie 3D objektov vo virtuálnom prostredí 
260 |c 2020 
650 4 |a virtuálna simulácia  |2 slo 
650 4 |a 3D skenovanie  |2 slo 
650 4 |a rekonštrukcia 3D skenov  |2 slo 
650 4 |a robotika  |2 slo 
650 4 |a 3D scanning  |2 eng 
650 4 |a virtual simulation  |2 eng 
650 4 |a reconstruction of 3D scans  |2 eng 
650 4 |a robotics  |2 eng 
700 1 |a Madaras, Martin  |4 ths  |X 96598  |7 96598 
856 4 |u http://is.stuba.sk/zp/portal_zp.pl?podrobnosti=151485